00208nam a2200073Ia 4500008004100000082000800041100001300049245007200062240331s9999 xx 000 0 und d bREF aLogo. ed 0aReferendum 1982 :beclipse of parliamentary democracy in Sri Lanka